00636ccm a2200181 i 4500003000900000008004100009040002800050043001200078082000900090100003700099245008100136300006300217500004300280650003800323650003200361650001900393700004200412CO-ViMGA150825t20132013ck fmgnfrd n spa d aCO-ViMGAbspacCO-ViMGA as-ck---04a026c1 aOchoa, Freddyd1976-ecompositor10aColombia coralbcompositores antioqueñoscFreddy Ochoa y Juan David Osorio a1 partitura (82 páginas)bilustraciones, músicac27 cm aXII Festival Coral de Medellín 2013.14aMúsica folclórica colombiana 24aMúsica popular colombiana24aMúsica vocal1 aOsorio, Juan Davidd1985-ecompositor